Most Widely Known U.S. Domain Extensions - Statistics

General Stats
  • This quiz has been taken 21 times
  • The average score is 5 of 8
Answer Stats
Estimated Registries Domain Extension % Correct
155,999,342 .com
100%
10,467,049 .org
94%
13,392,342 .net
89%
8,008 .edu
78%
7,589 .gov
72%
1,396,111 .biz
33%
3,878,366 .info
22%
3,056,238 .xyz
17%
No matching quizzes found
Score Distribution
Percent of People with Each Score
Percentile by Number Answered
Your Score History
You have not taken this quiz